Claim management - metóda riešenia konfliktov v medzinárodných zmluvách na dodávky investičných celkov
Zmluvná úprava v medzinárodnom obchode s investičnými celkami. Charakteristika pojmu claim. Pojem claim management. Úlohy claim managementu. Procesy podporujúce ciele claim managementu.
Salvato in:
| Autore principale: | |
|---|---|
| Altri autori: | |
| Natura: | Capitolo di libro |
| Lingua: | slovacco |
| Soggetti: | |
| Tags: |
Nessun Tag, puoi essere il primo ad aggiungerne!!
|
MARC
| LEADER | 00000naa$a2200000$$$4500 | ||
|---|---|---|---|
| 001 | 0113945 | ||
| 005 | 20240502083302.8 | ||
| 041 | 0 | |a slo | |
| 044 | |a CZ | ||
| 245 | 1 | 0 | |a Claim management - metóda riešenia konfliktov v medzinárodných zmluvách na dodávky investičných celkov |c Terézia Pullmanová, Valéria Svobodová |
| 520 | |a Zmluvná úprava v medzinárodnom obchode s investičnými celkami. Charakteristika pojmu claim. Pojem claim management. Úlohy claim managementu. Procesy podporujúce ciele claim managementu. | ||
| 610 | 2 | 0 | |a manažment |
| 610 | 2 | 0 | |a obchod medzinárodný |
| 610 | 2 | 0 | |a zmluvy medzinárodné |
| 610 | 2 | 0 | |a podmienky obchodné |
| 610 | 2 | 0 | |a financie |
| 610 | 2 | 0 | |a kvalita |
| 610 | 2 | 0 | |a celky investičné |
| 610 | 2 | 0 | |a konflikty |
| 610 | 2 | 0 | |a dodávky zmluvné |
| 100 | 1 | |a Pullmanová, Terézia, 1953- | |
| 700 | 1 | |a Svobodová, Valéria | |